LEADER 02611nam 22006013 450 001 9911008953803321 005 20250704114003.0 010 $a958-50-0138-1 010 $a958-50-0139-X 035 $a(CKB)26852461700041 035 $a(MiAaPQ)EBC30589018 035 $a(Au-PeEL)EBL30589018 035 $a(OCoLC)1381708843 035 $a(OCoLC)1390678940 035 $a(MdBmJHUP)musev2_113209 035 $a(OCoLC)1394962188 035 $a(FINmELB)ELB232041 035 $a(Perlego)4172458 035 $a(NyNyDIG)DIGUDROS0743 035 $a(EXLCZ)9926852461700041 100 $a20230818d2023 uy 0 101 0 $aspa 135 $aurcnu|||||||| 181 $ctxt$2rdacontent 182 $cc$2rdamedia 183 $acr$2rdacarrier 200 10$aAbuso Del Derecho de Asociación Sindical $eEl Caso Colombiano 205 $a1ST ED. 210 1$aBogota :$cUniversidad Colegio Mayor de Nuestra Senora del Rosario,$d2023. 210 4$d©2023. 215 $a1 online resource (177 pages) 225 1 $aDerecho Series 300 $aIncluye i?ndice. 311 08$a958-50-0137-3 320 $aIncluye referencias bibliogra?ficas. 330 8 $aEste libro expone la realidad del movimiento sindical en Colombia evidenciando una paradoja: un incremento exponencial de sindicatos, pero con una tasa afiliacio?n que no crece y se mantiene alrededor del 5 %. Con estadi?sticas so?lidas, la autora evidencia malas pra?cticas generadas por la creacio?n de sindicatos con los mismos afiliados, asi? como la proliferacio?n de fueros sindicales. De igual modo, examina otras situaciones de abuso como las dificultades para levantar los fueros por las demoras en procesos judiciales, consecuencia de la estrategia dilatoria de sindicatos; abusos en permisos y auxilios sindicales; violacio?n al derecho negativo de asociacio?n; abusos de algunos sindicatos por negarse a resolver el conflicto colectivo y retirar a conveniencia el pliego de peticiones. 410 0$aDerecho Series 606 $aLAW / General$2bisacsh 606 $aLabor unions$xLaw and legislation$zColombia 608 $aElectronic books. 615 7$aLAW / General 615 0$aLabor unions$xLaw and legislation 676 $a331.8809861 700 $aQuintero Martínez$b Saida Andrea$01826694 702 $aHerrera Vergara$b Jose? Roberto 712 02$aColombia. Universidad del Rosario, 801 0$bMiAaPQ 801 1$bMiAaPQ 801 2$bMiAaPQ 906 $aBOOK 912 $a9911008953803321 996 $aAbuso Del Derecho de Asociación Sindical$94394711 997 $aUNINA